Šancu pre každé dieťa Z činnosti krajskej pedagogicko-psychologickej poradne

Bibliographic Details
Main Authors: Šulek, Milan (Author), Spáčilová, Alžbeta (Author)
Format: Article
Language:Slovak
Subjects:

MARC

LEADER 00000nab a2200000 a 4500
001 vtls000134666
003 SK-MaSNL
005 20260305024245.0
008 111104c1982 xo 0 slo
015 |a SNBRB19rr/mm-uuuuu 
035 |a CL0144772 
040 |a SNKBUCL  |b slo  |c SNKBUCL  |e AACR2 
041 0 |a slo 
044 |a xo  |c SK 
080 |a 37.04  |2 1981 
100 1 |a Šulek, Milan  |4 aut  |9 449703 
245 1 0 |a Šancu pre každé dieťa  |b Z činnosti krajskej pedagogicko-psychologickej poradne  |c Milan Šulek, Alžbeta Spáčilová 
610 2 7 |a Krajská pedagogicko-psychologická poradňa (Banská Bystrica, Slovensko)  |2 snkbucl  |9 264874 
650 0 7 |a poradenstvo pedagogické  |2 snkbucl  |9 912515 
655 7 |a články z novín a časopisov  |2 snkbucl  |9 267496 
700 1 |a Spáčilová, Alžbeta  |4 aut  |9 279742 
773 0 |t Smer  |g Roč. 34, č. 307 (28. 12. 1982), s. 4 
850 |a Slovenská národná knižnica v Martine  |a MTA001 
852 |a SNK  |b KIS3GCP 
958 |a RK 
992 |a RBX 
999 |c 3301262  |d 3303192